La Apuesta estratégica: informe de labores 1994-1998

Na minha lista:
Detalhes bibliográficos
Formato: Texto
Tags: Adicionar Tag
Sem tags, seja o primeiro a adicionar uma tag!

MARC

LEADER 00000 a a2200000 04500
001 11118
003
040
245 |a La Apuesta estratégica:   |b informe de labores 1994-1998  
773 |g volumen 1, número 6; páginas 21-40  
999 |c 37070  |d 37070